[Event "Gibtelecom ChallWk1 3rd"]
[Site "Gibraltar"]
[Date "2005.01.25"]
[Round "1.1"]
[White "Benaddi, Mouhcine"]
[Black "Kuenitz, Klaus"]
[Result "0-1"]
[WhiteElo "1817"]
[BlackElo "2005"]
[PlyCount "78"]
[EventDate "2005.01.25"]
[EventType "swiss"]
[EventRounds "5"]
[EventCountry "GGB"]
[SourceTitle "BritBase"]
[Source "www.saund.co.uk"]
[SourceDate "2018.02.10"]
[SourceVersion "1"]
[SourceVersionDate "2018.02.10"]
[SourceQuality "1"]

1. e4 e6 2. d4 d5 3. Nd2 dxe4 4. Nxe4 Nd7 5. Nf3 Ngf6 6. Bg5 Be7 7. Bxf6 Nxf6
8. Nxf6+ Bxf6 9. Qd2 c5 10. O-O-O cxd4 11. Nxd4 O-O 12. f4 e5 13. Ne2 Qb6 14.
Qd6 Qxd6 15. Rxd6 exf4 16. Rd3 Bf5 17. Rb3 Rac8 18. c3 Be4 19. Rb4 Rfe8 20. Rg1
a5 21. Ra4 b5 22. Rxa5 b4 23. Ra4 bxc3 24. b3 Bd3 25. Kd1 c2+ 26. Kd2 Bxe2 27.
Bxe2 Bb2 28. Bc4 c1=Q+ 29. Rxc1 Bxc1+ 30. Kxc1 Re2 31. Kd1 Rxg2 32. Ra7 Rxh2
33. Bxf7+ Kh8 34. Bc4 Rf8 35. a4 f3 36. Ke1 f2+ 37. Kf1 Rh1+ 38. Kg2 Rg1+ 39.
Kh2 f1=Q 0-1

[Event "Gibtelecom ChallWk1 3rd"]
[Site "Gibraltar"]
[Date "2005.01.25"]
[Round "1.2"]
[White "Sbia, Bachir"]
[Black "Gravett, Alan D"]
[Result "1-0"]
[WhiteElo "1960"]
[BlackElo "1750"]
[PlyCount "49"]
[EventDate "2005.01.25"]
[EventType "swiss"]
[EventRounds "5"]
[EventCountry "GGB"]
[SourceTitle "BritBase"]
[Source "www.saund.co.uk"]
[SourceDate "2018.02.10"]
[SourceVersion "1"]
[SourceVersionDate "2018.02.10"]
[SourceQuality "1"]

1. Nf3 g6 2. c4 c5 3. Nc3 Bg7 4. g3 b6 5. Bg2 Bb7 6. O-O e5 7. d3 Ne7 8. Bd2
O-O 9. Qc1 d5 10. cxd5 Nxd5 11. Bh6 Nxc3 12. bxc3 e4 13. dxe4 Bxe4 14. Bxg7
Kxg7 15. Qf4 Qe8 16. Rfd1 Nc6 17. Rd6 Rd8 18. Rxd8 Nxd8 19. Rd1 Qa4 20. Qc1 Nc6
21. Qa1 Na5 22. c4+ Kg8 23. Ne5 Bf5 24. Bd5 Bc2 25. Nxf7 1-0

[Event "Gibtelecom ChallWk1 3rd"]
[Site "Gibraltar"]
[Date "2005.01.25"]
[Round "1.3"]
[White "Slimani, Abderezzak"]
[Black "Dickens, Rupert"]
[Result "0-1"]
[WhiteElo "1802"]
[BlackElo "1938"]
[PlyCount "68"]
[EventDate "2005.01.25"]
[EventType "swiss"]
[EventRounds "5"]
[EventCountry "GGB"]
[SourceTitle "BritBase"]
[Source "www.saund.co.uk"]
[SourceDate "2018.02.10"]
[SourceVersion "1"]
[SourceVersionDate "2018.02.10"]
[SourceQuality "1"]

1. e4 e6 2. d4 d5 3. Nd2 Be7 4. Ngf3 Nf6 5. Bd3 c5 6. e5 Nfd7 7. c3 Nc6 8. O-O
f6 9. exf6 Nxf6 10. Re1 Qb6 11. dxc5 Bxc5 12. Re2 O-O 13. h3 e5 14. Nxe5 Nxe5
15. Rxe5 Bxf2+ 16. Kh1 Bg3 17. Nf3 Bxe5 18. Nxe5 Ne4 19. Bxe4 dxe4 20. Be3 Qb5
21. Qd4 Be6 22. c4 Qa6 23. Qxe4 Rfe8 24. Qf4 Rad8 25. a3 Qa4 26. Rf1 Qc2 27.
Rf2 Qb3 28. Qg5 Bxc4 29. Nxc4 Qxc4 30. Bxa7 Qd5 31. Kh2 Qxg5 32. Bb6 Rd7 33.
Kg1 Rd1+ 34. Kh2 Qd8 0-1

[Event "Gibtelecom ChallWk1 3rd"]
[Site "Gibraltar"]
[Date "2005.01.25"]
[Round "1.4"]
[White "Elamri, Khaled"]
[Black "Hurn, Robert"]
[Result "1-0"]
[WhiteElo "1922"]
[BlackElo "1682"]
[PlyCount "99"]
[EventDate "2005.01.25"]
[EventType "swiss"]
[EventRounds "5"]
[EventCountry "GGB"]
[SourceTitle "BritBase"]
[Source "www.saund.co.uk"]
[SourceDate "2018.02.10"]
[SourceVersion "1"]
[SourceVersionDate "2018.02.10"]
[SourceQuality "1"]

1. b3 e5 2. Bb2 d6 3. e3 Nc6 4. Nf3 e4 5. Nd4 Nxd4 6. Bxd4 c5 7. Bb2 Nf6 8. d4
exd3 9. cxd3 g6 10. d4 Bg7 11. dxc5 Qa5+ 12. Bc3 Qxc5 13. Bd3 O-O 14. O-O Bg4
15. Qd2 Rfd8 16. Qb2 Ne8 17. Rc1 Bxc3 18. Nxc3 Qe5 19. Qd2 Rac8 20. Nb5 a6 21.
Nd4 Nf6 22. h3 Bd7 23. Rxc8 Rxc8 24. Rc1 Rxc1+ 25. Qxc1 Qc5 26. Qd2 d5 27. Ne2
Bc6 28. f3 Nd7 29. b4 Qe7 30. Nd4 Ba4 31. Bf1 Nf6 32. g4 Qc7 33. Kg2 Bd7 34.
Qc2 Qe5 35. Qc3 Qe7 36. Kf2 Qd6 37. Kg2 Qe5 38. Ne2 Qd6 39. Nf4 Bc6 40. Qd4 Qe7
41. a3 Qd6 42. Bd3 Qe7 43. Bc2 Qd6 44. Bb3 g5 45. Ne2 h5 46. Ng3 h4 47. Nf5 Qe6
48. e4 Bb5 49. Bxd5 Qc8 50. Ne7+ 1-0

[Event "Gibtelecom ChallWk1 3rd"]
[Site "Gibraltar"]
[Date "2005.01.25"]
[Round "1.5"]
[White "Taylor, Robert P"]
[Black "Biletska, Iryna"]
[Result "1/2-1/2"]
[WhiteElo "1675"]
[BlackElo "1915"]
[PlyCount "52"]
[EventDate "2005.01.25"]
[EventType "swiss"]
[EventRounds "5"]
[EventCountry "GGB"]
[SourceTitle "BritBase"]
[Source "www.saund.co.uk"]
[SourceDate "2018.02.10"]
[SourceVersion "1"]
[SourceVersionDate "2018.02.10"]
[SourceQuality "1"]

1. d4 e6 2. Nf3 c5 3. c3 h6 4. Bf4 Qb6 5. Qc1 Nf6 6. Nbd2 Nc6 7. e3 cxd4 8.
exd4 d5 9. Bd3 Nh5 10. Be3 Bd6 11. O-O Qc7 12. Re1 Bf4 13. Qd1 Bxe3 14. Rxe3
Nf4 15. Bc2 g5 16. Ne5 Nxe5 17. Rxe5 Bd7 18. Nb3 O-O-O 19. Nc5 Rdg8 20. Nxd7
Qxd7 21. Ba4 Qd6 22. c4 dxc4 23. Rc5+ Kb8 24. Rxc4 Rc8 25. Rac1 Rxc4 26. Rxc4
Rc8 1/2-1/2

[Event "Gibtelecom ChallWk1 3rd"]
[Site "Gibraltar"]
[Date "2005.01.25"]
[Round "1.6"]
[White "Hamer, Martyn"]
[Black "Garcia Lechugo, Francisco"]
[Result "1-0"]
[WhiteElo "1915"]
[BlackElo "1712"]
[PlyCount "77"]
[EventDate "2005.01.25"]
[EventType "swiss"]
[EventRounds "5"]
[EventCountry "GGB"]
[SourceTitle "BritBase"]
[Source "www.saund.co.uk"]
[SourceDate "2018.02.10"]
[SourceVersion "1"]
[SourceVersionDate "2018.02.10"]
[SourceQuality "1"]

1. d4 g6 2. e4 Bg7 3. c4 d6 4. Nc3 Nc6 5. Be3 e5 6. d5 Nce7 7. f3 f5 8. Bd3 f4
9. Bf2 Nf6 10. Nge2 g5 11. Nc1 h5 12. b4 g4 13. Nb3 Ng6 14. c5 Bf8 15. a4 Be7
16. a5 gxf3 17. gxf3 Rg8 18. Bc4 Bh3 19. c6 b6 20. Ba6 Bc8 21. Bf1 Nh7 22. axb6
cxb6 23. Rg1 Kf7 24. Qc2 Bh4 25. Nb5 Bxf2+ 26. Qxf2 a6 27. Nd2 Rg7 28. Nc3 a5
29. b5 Ng5 30. Nc4 Nh3 31. Bxh3 Bxh3 32. Qxb6 Nh4 33. Rxg7+ Kxg7 34. Qxd8 Rxd8
35. Kf2 Rg8 36. Rg1+ Kf7 37. Rxg8 Kxg8 38. b6 Bg2 39. Nd2 1-0

[Event "Gibtelecom ChallWk1 3rd"]
[Site "Gibraltar"]
[Date "2005.01.25"]
[Round "1.7"]
[White "Roberts, Malcolm"]
[Black "Gonzalez Amaya, Millan"]
[Result "1-0"]
[WhiteElo "1652"]
[BlackElo "1705"]
[PlyCount "49"]
[EventDate "2005.01.25"]
[EventType "swiss"]
[EventRounds "5"]
[EventCountry "GGB"]
[SourceTitle "BritBase"]
[Source "www.saund.co.uk"]
[SourceDate "2018.02.10"]
[SourceVersion "1"]
[SourceVersionDate "2018.02.10"]
[SourceQuality "1"]

1. e4 e6 2. d4 d5 3. e5 c5 4. c3 Nc6 5. Nf3 Qb6 6. Be2 Bd7 7. O-O cxd4 8. cxd4
Nge7 9. Nc3 Nf5 10. Be3 Nxe3 11. fxe3 Qxb2 12. Nb5 Rc8 13. Ng5 Nd8 14. Bh5 g6
15. Rb1 Qc2 16. Qf3 Bxb5 17. Rxb5 Rc7 18. e4 gxh5 19. exd5 Qd2 20. Ne4 Qxd4+
21. Kh1 Qc4 22. d6 Bxd6 23. exd6 Qxb5 24. dxc7 Qc6 25. Nf6+ 1-0

[Event "Gibtelecom ChallWk1 3rd"]
[Site "Gibraltar"]
[Date "2005.01.25"]
[Round "1.8"]
[White "Garcia Silva, Angel"]
[Black "Ince, Darren"]
[Result "1/2-1/2"]
[WhiteElo "1877"]
[BlackElo "1585"]
[PlyCount "43"]
[EventDate "2005.01.25"]
[EventType "swiss"]
[EventRounds "5"]
[EventCountry "GGB"]
[SourceTitle "BritBase"]
[Source "www.saund.co.uk"]
[SourceDate "2018.02.10"]
[SourceVersion "1"]
[SourceVersionDate "2018.02.10"]
[SourceQuality "1"]

1. e4 e5 2. c3 Nf6 3. d3 d5 4. exd5 Qxd5 5. c4 Qc6 6. Nc3 Bc5 7. Nf3 Ng4 8. Ne4
Bb4+ 9. Bd2 Bxd2+ 10. Qxd2 O-O 11. Be2 b6 12. h3 Nf6 13. Nxe5 Nxe4 14. Nxc6
Nxd2 15. Ne7+ Kh8 16. Kxd2 Bb7 17. Rhg1 c5 18. Nf5 Na6 19. Rae1 Rad8 20. Kc3 g6
21. Ne3 Nc7 22. g3 1/2-1/2

[Event "Gibtelecom ChallWk1 3rd"]
[Site "Gibraltar"]
[Date "2005.01.25"]
[Round "1.9"]
[White "Culverhouse, Brian"]
[Black "Judd, Ian"]
[Result "0-1"]
[WhiteElo "1420"]
[BlackElo "1847"]
[PlyCount "82"]
[EventDate "2005.01.25"]
[EventType "swiss"]
[EventRounds "5"]
[EventCountry "GGB"]
[SourceTitle "BritBase"]
[Source "www.saund.co.uk"]
[SourceDate "2018.02.10"]
[SourceVersion "1"]
[SourceVersionDate "2018.02.10"]
[SourceQuality "1"]

1. e4 d5 2. exd5 Nf6 3. Nf3 Qxd5 4. Nc3 Qa5 5. Be2 e5 6. d3 c6 7. Bd2 Qc7 8. h3
Be7 9. O-O O-O 10. Bg5 h6 11. Bh4 Nd5 12. Ne4 f5 13. Bxe7 Qxe7 14. Ng3 f4 15.
Ne4 Bf5 16. Re1 Nd7 17. Bf1 N5f6 18. Ned2 b5 19. Nxe5 Nxe5 20. d4 Nfd7 21. dxe5
Nxe5 22. c4 Qf6 23. cxb5 Rad8 24. Qb3+ Kh8 25. Ne4 Qg6 26. Nc5 Rd5 27. Rac1
Rfd8 28. bxc6 Nxc6 29. Qc3 Nd4 30. Qa3 Nc2 31. Rxc2 Bxc2 32. Qxa7 Bf5 33. Qa3
Qb6 34. Nb3 Qg6 35. Nc5 Qd6 36. b4 Rd1 37. Qc3 Rxe1 38. Qxe1 Qg6 39. Qc3 Rd1
40. b5 Qe8 41. a4 Qe2 0-1

[Event "Gibtelecom ChallWk1 3rd"]
[Site "Gibraltar"]
[Date "2005.01.25"]
[Round "1.10"]
[White "Garriga Marrodan, Enrique"]
[Black "Feeney, James"]
[Result "1-0"]
[WhiteElo "1915"]
[BlackElo "1525"]
[PlyCount "88"]
[EventDate "2005.01.25"]
[EventType "swiss"]
[EventRounds "5"]
[EventCountry "GGB"]
[SourceTitle "BritBase"]
[Source "www.saund.co.uk"]
[SourceDate "2018.02.10"]
[SourceVersion "1"]
[SourceVersionDate "2018.02.10"]
[SourceQuality "1"]

1. d4 Nf6 2. Nf3 g6 3. b3 Bg7 4. Bb2 O-O 5. Nbd2 d6 6. e3 Nbd7 7. Be2 Rb8 8. c4
c5 9. O-O b6 10. d5 e6 11. e4 e5 12. h3 Ne8 13. Nh2 f5 14. exf5 gxf5 15. Qc2
Ndf6 16. a3 Qe7 17. b4 Qf7 18. Rab1 Nh5 19. bxc5 Nf4 20. Ndf3 e4 21. Nd4 dxc5
22. Nc6 Rb7 23. Nd8 Qg6 24. g4 Rc7 25. Bxg7 Rxg7 26. Ne6 Bxe6 27. dxe6 Qxe6 28.
Qd2 Nxh3+ 29. Kg2 Ng5 30. Qd5 f4 31. Qxe6+ Nxe6 32. f3 exf3+ 33. Bxf3 Nd4 34.
Bd5+ Kh8 35. Rbe1 h5 36. Re5 f3+ 37. Bxf3 Nf6 38. Bd5 Re8 39. Rxe8+ Nxe8 40.
Rf8+ Kh7 41. Rxe8 hxg4 42. Be4+ Kh6 43. Kg3 Ne2+ 44. Kh4 Rg5 1-0

[Event "Gibtelecom ChallWk1 3rd"]
[Site "Gibraltar"]
[Date "2005.01.26"]
[Round "2.1"]
[White "Kuenitz, Klaus"]
[Black "Garriga Marrodan, Enrique"]
[Result "1-0"]
[WhiteElo "2005"]
[BlackElo "1915"]
[PlyCount "135"]
[EventDate "2005.01.25"]
[EventType "swiss"]
[EventRounds "5"]
[EventCountry "GGB"]
[SourceTitle "BritBase"]
[Source "www.saund.co.uk"]
[SourceDate "2018.02.10"]
[SourceVersion "1"]
[SourceVersionDate "2018.02.10"]
[SourceQuality "1"]

1. Nf3 d5 2. d4 Nf6 3. c4 e6 4. Nc3 c6 5. e3 Bd6 6. Qc2 Nbd7 7. e4 dxe4 8. Nxe4
Nxe4 9. Qxe4 Nf6 10. Qc2 O-O 11. Bd3 Qc7 12. O-O Bf4 13. Re1 g6 14. Ne5 Bxe5
15. dxe5 Nd7 16. Bh6 Re8 17. Qe2 f5 18. exf6 Nxf6 19. Qf3 Qf7 20. Qg3 e5 21.
Rxe5 Rxe5 22. Qxe5 Be6 23. h3 Re8 24. Qf4 Rd8 25. Qf3 Nh5 26. Qxf7+ Kxf7 27.
Rd1 Bf5 28. Be2 Rxd1+ 29. Bxd1 Nf6 30. Be3 a6 31. Be2 Ke6 32. Bd4 Nd7 33. b4 b5
34. f4 Kd6 35. Kf2 Bb1 36. a3 Ba2 37. cxb5 axb5 38. Bd3 Bc4 39. Bxc4 bxc4 40.
Ke3 Kd5 41. a4 Nb8 42. g4 Na6 43. Bc3 c5 44. bxc5 Kxc5 45. f5 gxf5 46. gxf5 Nc7
47. f6 Nd5+ 48. Kd2 Kd6 49. a5 Ke6 50. a6 Nb6 51. a7 Kf7 52. Ke3 Ke6 53. Kd2
Kf7 54. Bd4 Na8 55. Kc3 Ke6 56. Kxc4 Kf7 57. Kd5 Nc7+ 58. Kc6 Ne6 59. Bb6 Kxf6
60. a8=Q h5 61. Qh8+ Ng7 62. Bd4+ Kf5 63. Qxg7 Kf4 64. Qe5+ Kf3 65. Bc5 h4 66.
Qd4 Ke2 67. Qxh4 Kf3 68. Qg4# 1-0

[Event "Gibtelecom ChallWk1 3rd"]
[Site "Gibraltar"]
[Date "2005.01.26"]
[Round "2.2"]
[White "Hamer, Martyn"]
[Black "Sbia, Bachir"]
[Result "0-1"]
[WhiteElo "1915"]
[BlackElo "1960"]
[PlyCount "96"]
[EventDate "2005.01.25"]
[EventType "swiss"]
[EventRounds "5"]
[EventCountry "GGB"]
[SourceTitle "BritBase"]
[Source "www.saund.co.uk"]
[SourceDate "2018.02.10"]
[SourceVersion "1"]
[SourceVersionDate "2018.02.10"]
[SourceQuality "1"]

1. d4 Nf6 2. c4 e6 3. Nc3 Bb4 4. Bg5 c5 5. d5 h6 6. Bh4 g5 7. Bg3 Ne4 8. dxe6
Nxc3 9. exf7+ Kxf7 10. Qd3 Qf6 11. a3 Ba5 12. Nf3 Na4+ 13. Nd2 d5 14. e4 Bxd2+
15. Qxd2 dxe4 16. Be2 Nc6 17. O-O Nd4 18. Bh5+ Kg7 19. Qa5 Bd7 20. Qc7 Qc6 21.
Be5+ Kh7 22. Qxc6 Bxc6 23. Bxh8 Rxh8 24. b4 b6 25. Rab1 Rg8 26. h3 Nc3 27. Rb2
Na4 28. Rbb1 Rf8 29. Rfc1 a6 30. Bd1 Kg6 31. Bxa4 Bxa4 32. bxc5 bxc5 33. Rb6+
Rf6 34. Rcb1 Rc6 35. Kf1 Kf5 36. Rxc6 Nxc6 37. Rb7 h5 38. Ke2 Bb3 39. Ke3 Bxc4
40. g4+ hxg4 41. hxg4+ Ke5 42. Rg7 Kf6 43. Rc7 Bd5 44. Rd7 Ke6 45. Rg7 Ne5 46.
Rxg5 c4 47. Rg7 c3 48. Rc7 Nc4+ 0-1

[Event "Gibtelecom ChallWk1 3rd"]
[Site "Gibraltar"]
[Date "2005.01.26"]
[Round "2.3"]
[White "Dickens, Rupert"]
[Black "Garcia Silva, Angel"]
[Result "1-0"]
[WhiteElo "1938"]
[BlackElo "1877"]
[PlyCount "63"]
[EventDate "2005.01.25"]
[EventType "swiss"]
[EventRounds "5"]
[EventCountry "GGB"]
[SourceTitle "BritBase"]
[Source "www.saund.co.uk"]
[SourceDate "2018.02.10"]
[SourceVersion "1"]
[SourceVersionDate "2018.02.10"]
[SourceQuality "1"]

1. d4 Nf6 2. Nf3 c5 3. d5 g6 4. Nc3 Bg7 5. e4 d6 6. Be2 O-O 7. O-O a6 8. a4
Nbd7 9. Nd2 e6 10. f4 Ne8 11. Nf3 Nc7 12. dxe6 Nxe6 13. Qxd6 Nd4 14. Bd3 Nxf3+
15. Rxf3 Bxc3 16. bxc3 b6 17. c4 Qf6 18. Qxf6 Nxf6 19. Bb2 Ne8 20. f5 Bb7 21.
fxg6 fxg6 22. Rxf8+ Kxf8 23. a5 Nd6 24. e5 Nc8 25. axb6 a5 26. Ba3 Ke7 27.
Bxc5+ Ke6 28. Bd4 Nxb6 29. Bxb6 Kxe5 30. Rxa5+ Rxa5 31. Bxa5 Bc6 32. Kf2 1-0

[Event "Gibtelecom ChallWk1 3rd"]
[Site "Gibraltar"]
[Date "2005.01.26"]
[Round "2.4"]
[White "Judd, Ian"]
[Black "Elamri, Khaled"]
[Result "0-1"]
[WhiteElo "1847"]
[BlackElo "1922"]
[PlyCount "82"]
[EventDate "2005.01.25"]
[EventType "swiss"]
[EventRounds "5"]
[EventCountry "GGB"]
[SourceTitle "BritBase"]
[Source "www.saund.co.uk"]
[SourceDate "2018.02.10"]
[SourceVersion "1"]
[SourceVersionDate "2018.02.10"]
[SourceQuality "1"]

1. c4 c5 2. g3 Nc6 3. Bg2 Nf6 4. Nc3 g6 5. Nf3 Bg7 6. O-O O-O 7. d4 cxd4 8.
Nxd4 Nxd4 9. Qxd4 d6 10. Qd3 Rb8 11. Be3 Bf5 12. Qd2 a6 13. Rac1 Qd7 14. c5
dxc5 15. Qxd7 Nxd7 16. Nd5 Bxb2 17. Nxe7+ Kh8 18. Nxf5 Bxc1 19. Rxc1 gxf5 20.
Bf4 Kg7 21. Bh3 Kg6 22. e4 Rbd8 23. Bxf5+ Kg7 24. Bc7 Rc8 25. Bd6 Rc6 26. e5
Nb8 27. Rc4 Rxd6 28. exd6 b6 29. Rc2 Nc6 30. Be4 Nd4 31. Rb2 b5 32. Bb7 a5 33.
d7 Rd8 34. Bc8 c4 35. Kg2 c3 36. Rb1 Ne2 37. Rxb5 c2 38. Re5 c1=Q 39. Rxe2 Qc6+
40. f3 Qc4 41. Re8 Qxa2+ 0-1

[Event "Gibtelecom ChallWk1 3rd"]
[Site "Gibraltar"]
[Date "2005.01.26"]
[Round "2.5"]
[White "Biletska, Iryna"]
[Black "Roberts, Malcolm"]
[Result "1/2-1/2"]
[WhiteElo "1915"]
[BlackElo "1652"]
[PlyCount "37"]
[EventDate "2005.01.25"]
[EventType "swiss"]
[EventRounds "5"]
[EventCountry "GGB"]
[SourceTitle "BritBase"]
[Source "www.saund.co.uk"]
[SourceDate "2018.02.10"]
[SourceVersion "1"]
[SourceVersionDate "2018.02.10"]
[SourceQuality "1"]

1. d4 d5 2. Bf4 Nf6 3. e3 Bf5 4. c4 c6 5. Nc3 Nbd7 6. Qb3 Qb6 7. Qxb6 Nxb6 8.
c5 Nbd7 9. Nf3 e6 10. Nh4 Bg6 11. Nxg6 hxg6 12. O-O-O Be7 13. Bg3 Nh5 14. Bd3
Nxg3 15. hxg3 O-O-O 16. f4 Nf6 17. Be2 Nh5 18. Bxh5 gxh5 19. e4 1/2-1/2

[Event "Gibtelecom ChallWk1 3rd"]
[Site "Gibraltar"]
[Date "2005.01.26"]
[Round "2.6"]
[White "Gonzalez Amaya, Millan"]
[Black "Taylor, Robert P"]
[Result "0-1"]
[WhiteElo "1705"]
[BlackElo "1675"]
[PlyCount "60"]
[EventDate "2005.01.25"]
[EventType "swiss"]
[EventRounds "5"]
[EventCountry "GGB"]
[SourceTitle "BritBase"]
[Source "www.saund.co.uk"]
[SourceDate "2018.02.10"]
[SourceVersion "1"]
[SourceVersionDate "2018.02.10"]
[SourceQuality "1"]

1. e4 e5 2. Nf3 Nc6 3. Bb5 a6 4. Ba4 Nf6 5. O-O b5 6. Bb3 Be7 7. Re1 d6 8. h3
O-O 9. c3 Bb7 10. d4 h6 11. Nbd2 Re8 12. Nf1 Bf8 13. Ng3 Bc8 14. Nh4 Ne7 15.
Qe2 Bd7 16. dxe5 dxe5 17. Be3 Qc8 18. Rad1 c5 19. Qf3 c4 20. Bc2 Qc6 21. Rd2
Kh7 22. Red1 Neg8 23. Nhf5 Re6 24. Nh5 Be8 25. Nhg3 g6 26. Nh4 Be7 27. Qe2 Rc8
28. Nf3 Nd7 29. Nh2 Ngf6 30. Ng4 Nxg4 {White Lost On Time} 0-1

[Event "Gibtelecom ChallWk1 3rd"]
[Site "Gibraltar"]
[Date "2005.01.26"]
[Round "2.7"]
[White "Garcia Lechugo, Francisco"]
[Black "Benaddi, Mouhcine"]
[Result "0-1"]
[WhiteElo "1712"]
[BlackElo "1817"]
[PlyCount "60"]
[EventDate "2005.01.25"]
[EventType "swiss"]
[EventRounds "5"]
[EventCountry "GGB"]
[SourceTitle "BritBase"]
[Source "www.saund.co.uk"]
[SourceDate "2018.02.10"]
[SourceVersion "1"]
[SourceVersionDate "2018.02.10"]
[SourceQuality "1"]

1. Nf3 Nf6 2. g3 b6 3. Bg2 Bb7 4. d3 e6 5. e4 d5 6. e5 Nfd7 7. d4 c5 8. c3 Ba6
9. Bf1 Qc8 10. Be3 Be7 11. Na3 Bxf1 12. Kxf1 O-O 13. Nc2 Nc6 14. Ng5 h6 15. h4
hxg5 16. hxg5 g6 17. Kg2 Kg7 18. Rh6 Rh8 19. Qh1 Ndxe5 20. Qh4 Nc4 21. Rh1 Qg8
22. dxc5 bxc5 23. b4 Nd6 24. g4 f6 25. f4 Nf7 26. Rxg6+ Kxg6 27. f5+ Kg7 28.
Qxh8+ Qxh8 29. Rxh8 Nxh8 30. g6 Nxg6 0-1

[Event "Gibtelecom ChallWk1 3rd"]
[Site "Gibraltar"]
[Date "2005.01.26"]
[Round "2.8"]
[White "Ince, Darren"]
[Black "Slimani, Abderezzak"]
[Result "1/2-1/2"]
[WhiteElo "1585"]
[BlackElo "1802"]
[PlyCount "119"]
[EventDate "2005.01.25"]
[EventType "swiss"]
[EventRounds "5"]
[EventCountry "GGB"]
[SourceTitle "BritBase"]
[Source "www.saund.co.uk"]
[SourceDate "2018.02.10"]
[SourceVersion "1"]
[SourceVersionDate "2018.02.10"]
[SourceQuality "1"]

1. d4 Nf6 2. Nf3 g6 3. Bg5 Bg7 4. Nbd2 O-O 5. e3 d6 6. Bd3 h6 7. Bh4 c5 8. c3
Bd7 9. O-O Qc7 10. Qe2 e5 11. Bxf6 Bxf6 12. d5 Bg7 13. Nh4 Qd8 14. Nhf3 f5 15.
e4 f4 16. Nc4 Bg4 17. h3 Bc8 18. a4 Rf7 19. b4 cxb4 20. cxb4 Qe7 21. Rfc1 Nd7
22. Na5 Nf6 23. Rc2 g5 24. Rac1 Qd8 25. Nc4 Bf8 26. Na3 g4 27. hxg4 Bxg4 28.
Nb5 Ne8 29. Qd1 Rg7 30. Be2 Bh3 31. Bf1 Bg4 32. Be2 a6 33. Na3 Qf6 34. Nc4 h5
35. Nh2 Bh3 36. Bf1 Qg6 37. Qf3 Bg4 38. Qd3 Rc8 39. Nb6 Rxc2 40. Rxc2 h4 41.
Nxg4 Qxg4 42. Rc3 Nf6 43. Na8 h3 44. Qxh3 Qxh3 45. Rxh3 Nxe4 46. Bd3 Ng5 47.
Rh5 e4 48. Be2 Kf7 49. Nb6 Kf6 50. Bg4 Be7 51. Nd7+ Kg6 52. Rh8 Nh7 53. Rb8 Nf6
54. Nxf6 Bxf6 55. Bc8 Bc3 56. Rxb7 Rxb7 57. Bxb7 Bxb4 58. Bxa6 Kf5 59. Kf1 Ke5
60. Bb7 1/2-1/2

[Event "Gibtelecom ChallWk1 3rd"]
[Site "Gibraltar"]
[Date "2005.01.26"]
[Round "2.9"]
[White "Gravett, Alan D"]
[Black "Culverhouse, Brian"]
[Result "1-0"]
[WhiteElo "1750"]
[BlackElo "1420"]
[PlyCount "109"]
[EventDate "2005.01.25"]
[EventType "swiss"]
[EventRounds "5"]
[EventCountry "GGB"]
[SourceTitle "BritBase"]
[Source "www.saund.co.uk"]
[SourceDate "2018.02.10"]
[SourceVersion "1"]
[SourceVersionDate "2018.02.10"]
[SourceQuality "1"]

1. g3 d5 2. Nf3 Bg4 3. Bg2 Nc6 4. c4 d4 5. d3 e5 6. O-O Qd7 7. a3 Bh3 8. b4 a6
9. b5 Bxg2 10. bxc6 Qh3 11. cxb7 Bxf3 12. bxa8=Q+ Bxa8 13. f3 Bc6 14. e3 Bc5
15. Qe2 Nf6 16. Bd2 h5 17. Bb4 h4 18. Bxc5 hxg3 19. Qg2 gxh2+ 20. Kh1 Qh5 21.
e4 Bd7 22. Rf2 g5 23. Qxh2 g4 24. Qxh5 Rxh5+ 25. Rh2 gxf3 26. Rxh5 Nxh5 27. Nd2
f2 28. Kg2 Nf4+ 29. Kf3 Nxd3 30. Bb4 Bh3 31. Ke2 Nf4+ 32. Kxf2 Be6 33. Ba5 Kd7
34. Rb1 Kc6 35. Kf3 Nd3 36. Bb4 Nf4 37. Be7 Nd3 38. Bf6 Kd6 39. a4 Nc5 40. a5
Nd7 41. Bh4 Nc5 42. Bd8 Kd7 43. Bg5 Kd6 44. Rb8 Kc6 45. Bh4 Nb7 46. Ra8 Nc5 47.
Bg3 Kb7 48. Rh8 Kc6 49. Bxe5 Nb7 50. Bxd4 Nxa5 51. Rh5 f5 52. Rh6 fxe4+ 53.
Nxe4 Kd7 54. Nc5+ Kc8 55. Rh8+ 1-0

[Event "Gibtelecom ChallWk1 3rd"]
[Site "Gibraltar"]
[Date "2005.01.26"]
[Round "2.10"]
[White "Hurn, Robert"]
[Black "Reid, John"]
[Result "1-0"]
[WhiteElo "1682"]
[BlackElo "1195"]
[PlyCount "111"]
[EventDate "2005.01.25"]
[EventType "swiss"]
[EventRounds "5"]
[EventCountry "GGB"]
[SourceTitle "BritBase"]
[Source "www.saund.co.uk"]
[SourceDate "2018.02.10"]
[SourceVersion "1"]
[SourceVersionDate "2018.02.10"]
[SourceQuality "1"]

1. e4 d6 2. d4 Bd7 3. Nc3 e6 4. Nf3 Ne7 5. Bg5 h6 6. Be3 a6 7. a4 Ng6 8. g3 Be7
9. Bg2 Nf8 10. Qd2 a5 11. Rd1 Na6 12. O-O g5 13. b3 g4 14. Ne1 Nh7 15. Nd3 Nb4
16. e5 d5 17. f4 h5 18. Bf2 h4 19. Qe2 hxg3 20. hxg3 Bc6 21. Be3 Kd7 22. Kf2
Bh4 23. Nc5+ Kc8 24. Rh1 Nf8 25. Rc1 Ng6 26. Qxg4 Kb8 27. Ke2 Be8 28. Bf2 f6
29. gxh4 Nxe5 30. Qxe6 Nec6 31. Kd2 b6 32. Nd3 Bg6 33. Rce1 Nxd3 34. cxd3 Nb4
35. Bf1 Qf8 36. Qh3 Na2 37. Nxa2 Qa3 38. Nc1 Qb2+ 39. Ke3 Bh5 40. Qe6 Ka7 41.
f5 Rhe8 42. Bg3 Rxe6+ 43. fxe6 Re8 44. Bh3 c5 45. dxc5 bxc5 46. Kf4 Bg6 47. e7
Qd4+ 48. Kf3 Rg8 49. Bf2 Qb4 50. Be6 Re8 51. Bxd5 Bh5+ 52. Kg2 Qa3 53. Bc6 Rg8+
54. Kf1 Kb6 55. e8=Q Bxe8 56. Bxe8 1-0

[Event "Gibtelecom ChallWk1 3rd"]
[Site "Gibraltar"]
[Date "2005.01.27"]
[Round "3.1"]
[White "Elamri, Khaled"]
[Black "Kuenitz, Klaus"]
[Result "1-0"]
[WhiteElo "1922"]
[BlackElo "2005"]
[PlyCount "75"]
[EventDate "2005.01.25"]
[EventType "swiss"]
[EventRounds "5"]
[EventCountry "GGB"]
[SourceTitle "BritBase"]
[Source "www.saund.co.uk"]
[SourceDate "2018.02.10"]
[SourceVersion "1"]
[SourceVersionDate "2018.02.10"]
[SourceQuality "1"]

1. b3 Nf6 2. Bb2 d6 3. d4 g6 4. Nf3 Bg7 5. c4 O-O 6. Nbd2 Bf5 7. e3 Nc6 8. a3
Re8 9. d5 Nb8 10. Nd4 Bd7 11. Be2 e5 12. dxe6 fxe6 13. O-O e5 14. N4f3 a5 15.
b4 Na6 16. Qb3 a4 17. Qc2 b6 18. c5 Bc8 19. cxb6 cxb6 20. Qxa4 Bd7 21. Qd1 Qb8
22. Rc1 d5 23. Qb3 Kf8 24. Rfd1 Qd6 25. Bxa6 Rxa6 26. Qd3 Raa8 27. Nc4 Qb8 28.
Ncxe5 Bf5 29. Qb3 Be4 30. Nc6 Qd6 31. Ncd4 Ng4 32. Rc6 Qb8 33. h3 Ne5 34. Nxe5
Bxe5 35. Nb5 Bh2+ 36. Kh1 Qb7 37. Rf6+ Kg8 38. Kxh2 1-0